LEADER 00915nam a2200241 i 4500 001 000000092860 003 CaOOAMICUS 005 20180830150129.0 008 180830s1973 xx u000 u und u 013 $a65102 020 $a88-425- 040 $aSeMil$bita 100 1 $aPandini, Giancarlo.$0(OLS)http://semarc/name/41152 245 10$aInvito alla lettura di Alberto Moravia. 260 $aMilano :$bMursia,$c1973. 300 $a154 p. 490 0 $aInvito alla lettura. Sezione italiana ;$v20 830 0$aInvito alla lettura. Sezione italiana ;$v20.$0(OLS)http://semarc/title/7162 850 $aSeMil 852 $aSeMil$W1$xVenegono$y1$m58 7 20 *$j55689$B55689$CSeMilBibl$Z2$F60461 $81 996 $6020$a88-425-$9(OLS)http://semarc/number/73027 996 $6245$aInvito alla lettura di Alberto Moravia$9(OLS)http://semarc/title/138979 996 $6260$aMilano :$bMursia$9(OLS)http://semarc/publisher/30230 LEADER 01333nam a2200301 i 4500 001 000000115196 003 CaOOAMICUS 005 20030515000000.0 008 030515s1998 it u000 u ita u 013 $a87884 020 $a88-215-3579-7 040 $aSeMil$bita 240 00$aBibbia. Nuovo Testamento. Vangelo secondo Matteo.$0(OLS)http://semarc/title/455446 245 10$aMatteo :$bil Vangelo del Regno /$cBruno Corsani. 260 $aCinisello Balsamo :$bSan Paolo,$c1998. 300 $a47 p. ;$c20 cm. 490 0 $aLa Bibbia nelle nostre mani ;$v7 500 $aContiene : Bibliografia. - Fondo Card. C.M. Martini. 650 4$aBibbia. Nuovo Testamento. Vangelo secondo Matteo - Commentari, studi, critica, interpretazioni.$0(OLS)http://semarc/subject/32 700 1 $aCorsani, Bruno,$d<1924-2008>.$0(OLS)http://semarc/name/841 830 3$aLa Bibbia nelle nostre mani ;$v7.$0(OLS)http://semarc/title/10281 850 $aSeMil 852 $aSeMil$W1$xVenegono$y1$m2V II 303$j269626$B70727$CSeMilBibl$Z2$F98666 $81 941 1 $a4 961 $aOmaggio: Martini Card. Carlo Maria 996 $6020$a88-215-3579-7$9(OLS)http://semarc/number/98870 996 $6245$aMatteo :$bil Vangelo del Regno$9(OLS)http://semarc/title/168642 996 $6260$aCinisello Balsamo :$bSan Paolo$9(OLS)http://semarc/publisher/30129